| 000 | 00816nam a2200229 a 4500 | ||
|---|---|---|---|
| 001 | 54453 | ||
| 003 | BD-RjUL | ||
| 005 | 20211209080125.0 | ||
| 008 | 161107s1992 bg ||||| |||| 00| 0 ben d | ||
| 020 | _c: TK 40.00 | ||
| 035 | _a(BD-RjUL)54575 | ||
| 040 |
_aBD-RjUL _bben _cBD-RjUL |
||
| 041 | _aben | ||
| 082 |
_223 _a928.9144 _bMAA 1992 |
||
| 100 |
_aমাহমুদ, অনীক _9162484 |
||
| 245 | 1 | 0 |
_aআলোর দ্যুতি আসাদুজ্জামান / _cঅনীক মাহমুদ |
| 260 |
_aবগুড়া : _bরেবা প্রকাশনী, _c১৯৯২ |
||
| 300 |
_a৮২ পৃ. ; _c২১ সেমি. |
||
| 650 |
_aLiterature Writer _xBengali _9162485 |
||
| 650 |
_aসাহিত্য লেখক _xবাংলা _9164446 |
||
| 942 |
_2ddc _cBK |
||
| 999 |
_c54453 _d54453 |
||